Pharmaceutical practice. (رقم التسجيلة. 24137)

تفاصيل مارك
000 -الفاتح
حقل البيانات ثابتة الطول 01166cam a22003854a 4500
001 - رقم الضبط
رقم الضبط 276668850
003 - محدد رقم الضبط
رقم الضبط OCoLC
005 - وقت وتاريخ اخر تعامل مع التسجيلة
رقم الضبط 20150408114045.0
008 - عناصر البيانات ثابتة الطول - معلومات عامة
حقل البيانات ثابتة الطول 120623s2009 stka f b 001 0 eng
010 ## - رقم ضبط مكتبة الكونجرس
رقم ضبط مكتبة الكونجرس 2008051274
016 7# - رقم ضبط الوكاله الوطنية للضبط الببليوجرافي
رقم ضبط التسجيلة 101490064
المصدر DNLM
020 ## - الرقم الدولى المعيارى للكتب
الرقم الدولى المعيارى للكتاب 9780443069062
020 ## - الرقم الدولى المعيارى للكتب
الرقم الدولى المعيارى للكتاب 0443069069
020 ## - الرقم الدولى المعيارى للكتب
الرقم الدولى المعيارى للكتاب 9780443069093 (international ed.)
020 ## - الرقم الدولى المعيارى للكتب
الرقم الدولى المعيارى للكتاب 0443069093 (international ed.)
035 ## - رقم ضبط النظام
رقم ضبط النظام .b66511379
040 ## - مصدر الفهرسة
وكالة الفهرسة الأصلية DNLM/DLC
وكالة النسخ DLC
042 ## - رمز التحقق
رمز التحقق pcc
050 00 - رقم طلب مكتبة الكونجرس
رقم المادة .P44 2009
060 10 - رقم الطلب بالمكتبة الطبية الوطنية
رقم المادة P5353 2009
082 00 - رقم تصنيف ديوى العشرى
رقم التصنيف 615.4 P H P
رقم الطبعة 22
245 00 - بيان العنوان
العنوان Pharmaceutical practice.
250 ## - بيان الطبعة
بيان الطبعة 4th ed. /
بقية بيان الطبعة edited by A.J. Winfield, J.A. Rees, I. Smith.
260 ## - PUBLICATION, DISTRIBUTION, ETC. (IMPRINT)
مكان الناشر او الموزع Edinburgh ;
-- New York :
اسم الناشر او الموزع Churchill Livingstone/Elsevier,
تاريخ النشر أو التوزيع 2009.
300 ## - الوصف المادى
التعداد xix, 643 p. :
تفاصيل ماديه اخرى للوعاء ill. ;
أبعاد الوعاء 25 cm.
504 ## - تبصرة ببليوجرافية
تبصرة ببليوجرافية,الخ Includes bibliographical references and index.
650 #0 - المدخل الاضافى بالموضوع-مصطلح موضوعى
مصطلح موضوعي أو اسم جغرافي كعنصر مدخل Pharmacy.
9 (RLIN) 13665
650 12 - المدخل الاضافى بالموضوع-مصطلح موضوعى
مصطلح موضوعي أو اسم جغرافي كعنصر مدخل Drug Compounding.
9 (RLIN) 13668
650 22 - المدخل الاضافى بالموضوع-مصطلح موضوعى
مصطلح موضوعي أو اسم جغرافي كعنصر مدخل Dosage Forms.
9 (RLIN) 15769
650 22 - المدخل الاضافى بالموضوع-مصطلح موضوعى
مصطلح موضوعي أو اسم جغرافي كعنصر مدخل Pharmacy.
9 (RLIN) 13665
700 1# - المدخل الاضافى - اسم شخصى
الإسم الشخصى Winfield, A. J.
الشكل الأكمل للاسم (Arthur J.)
9 (RLIN) 15766
700 1# - المدخل الاضافى - اسم شخصى
الإسم الشخصى Rees, Judith A.
9 (RLIN) 15767
700 1# - المدخل الاضافى - اسم شخصى
الإسم الشخصى Smith, Ian,
التواريخ المصاحبة للاسم 1959 Nov. 24-
9 (RLIN) 15768
942 ## - عناصر المدخل الإضافي( كوها)
مصدر التصنيف او مخطط الترفيف Dewey Decimal Classification
Koha [default] item type DVD
المقتنيات
حالة الفقد نموذج السعر الفعال حالة تلف ليس للاعارة رقم الطلب رقم النسخة تاريخ الاكتساب الموقع الحالي الباركود الفرع الرئيسي Date last seen نوع المادة فى نظام كوها مصدر التصنيف او خطة الترفيف Total Checkouts
  2013-03-10     615.4 P H P C.1 2012-06-23 المكتبة المركزية بالمجمعة (CL) 00109932 المكتبة المركزية بالمجمعة (CL) 2013-03-10 كتاب Dewey Decimal Classification  
  2013-03-10     615.4 P H P C.2 2012-06-23 المكتبة المركزية بالمجمعة (CL) 00109931 المكتبة المركزية بالمجمعة (CL) 2013-03-10 كتاب Dewey Decimal Classification  
  2013-03-10     615.4 P H P C.3 2012-06-23 المكتبة المركزية بالمجمعة (CL) 00109930 المكتبة المركزية بالمجمعة (CL) 2013-03-10 كتاب Dewey Decimal Classification